000 00942nam a2200241Ia 4500
003 OSt
005 20220923213257.0
006 a|||||r|||| 00| 0
007 ta
008 220922b |||||||| |||| 00| 0 hin d
024 _a160,363
037 _cTextual
040 _aARTS
_cARTS
_bhin
041 _2hin
_ahin
082 _aO152,1:gN5, K4
100 _aकुमार विमल
245 0 _aआघुनिक हिन्दी काव्य
_b छायावाद और परवर्ती हिंदी काव्य-संबधी समीछात्मक निबंध सप्तक
246 _aĀghunik hindī kāvya: chhāyāvād aur paravartī hiandī kāvya-sanbadhī samīchhātmak nibandha saptaka
260 _c1964
650 _aहिन्दी साहित्य
_9156264
942 _hO152,1:gN5, K4
_cTEXL
_2CC
999 _c315110
_d315110